Coordination chemistry, reactivities and stereochemistry of novel polydentate sulfinyl-substituted phosphines and arsines /
محفوظ في:
| المؤلف الرئيسي: | |
|---|---|
| التنسيق: | أطروحة كتاب |
| اللغة: | English |
| منشور في: |
1996.
|
| الموضوعات: | |
| الوسوم: |
إضافة وسم
لا توجد وسوم, كن أول من يضع وسما على هذه التسجيلة!
|
| LEADER | 00838cam a2200253 a 4500 | ||
|---|---|---|---|
| 001 | u413120 | ||
| 003 | SIRSI | ||
| 008 | 970707s1996 si v 00 1 eng m | ||
| 035 | |a ACD-4431 | ||
| 040 | |a UMM | ||
| 090 | |a QD474 |b Sia | ||
| 100 | 1 | 0 | |a Siah, Soh Yun. |
| 245 | 1 | 0 | |a Coordination chemistry, reactivities and stereochemistry of novel polydentate sulfinyl-substituted phosphines and arsines / |c by Siah Soh Yun. |
| 260 | |c 1996. | ||
| 300 | |a xix, 313 leaves : |b ill. ; |c 30 cm. | ||
| 502 | |a Thesis (Ph.D.) -- National University of Singapore, 1996. | ||
| 504 | |a Bibliography: leaves 222-253. | ||
| 650 | 0 | |a Coordination compounds. | |
| 650 | 0 | |a Stereochemistry. | |
| 650 | 0 | |a Phosphine. | |
| 650 | 0 | |a Arsenic | |
| 948 | |a 07/07/1997 |b 25/11/2000 | ||
| 596 | |a 1 | ||
| 999 | |a QD474 SIA |w LC |c 1 |i A506945373 |l STACKS |m P01UTAMA |r Y |s Y |t TESIS |u 16/7/1998 | ||
